1888 1011 1520 1449 1502 1386 1884 1355 1047 1738 1349 1094 1311 1293 1199 1355 1291 1711 1854 1579 1967 1944 1952 1837 1448 1130 1958 1716 1375 1329 1152 1662 1050 1255 1533 1260 1800 1350 1502 1751 1762 1748 1104 1990 1474 1055 1002 1069 1089 1958 1159 1122 1421 1711 1659 1875 1341 1140 1086 1927 1447 1186 1699 1502 1581 1411 1677 1701 1006 1021 1873 1086 1519 1660 1356 1166 1568 1252 1608 1055 1213 1930 1000 1988 1041 1674 1906 1127 1988 1029 1374 1146 1548 1209 1153 1345 1732 1256 1905 BCNSPRNW ULIB Ver.6.0+V

เปลี่ยนเป็นภาษาไทย

Change to English
 แสดงรายละเอียดบรรณานุกรม
  กลับหน้าหลัก

Brief Record : Get Marc (ISO 2709) : E-mail record : QR code < ปิดหน้าต่าง
LEADER : 00000nam 2200000uu 4500
001    13399121212
003     ULIB
008    121109s2554||||th 000 0 tha d
020    ^a9786165051347
060 04 ^aWG210^bน578ก
100 0  ^aนิตยา เพ็ญศิรินภา
245 10 ^aการเสริมพลังเพื่อการปรับเปลี่ยนพฤติกรรมเสี่ยงต่อโรคหัวใจและหลอดเลือด :^bแนวคิดและการปฏิบัติ /^cนิตยา เพ็ญศิรินภา
250    ^aพิมพ์ครั้งที่ 3
260    ^aกรุงเทพฯ :^bสาขาวิชาวิทยาศาสตร์สุขภาพมหาวิทยาลัยสุโขทัยธรรมาธิราช,^c2554
300    ^a[ก]-ฉ, 141, [1] หน้า :^bภาพประกอบ ;^c30 ซม.
505 0  ^a^tโรคหัวใจและหลอดเลือด และการป้องกัน - -^tแนวคิดการเสริมพลังกับการลดปัจจัยเสี่ยงต่อโรคหัวใจและหลอดเลือด - -^tทฤษฎีที่เกี่ยวข้องกับการพัฒนาพฤติกรรมสุขภาพและการเสริมพลังบุคคล - -^tการปฏิบัติในการวางแผน การจัดกิจกรรมและการประเมินผลโครงการเสริมพลังเพื่อการปรับเปลี่ยนพฤติกรรมเสี่ยงต่อโรคหัวใจและหลอดเลือด - -^tกรณีตัวอย่างการจัดกิจกรรมและโครงการปรับเปลี่ยนพฤติกรรมเสี่ยงต่อโรคหัวใจและหลอดเลือดตามแนวคิดการเสริมพลัง - -^tบทเรียนโครงการปรับเปลี่ยนพฤติกรรมของสถานบริการสาธารณสุข
650  4 ^aหัวใจ, โรค^xการป้องกันและควบคุม
650  4 ^aหลอดเลือดโคโรนารีย์, โรค^xการป้องกันและควบคุม
710 2  ^aมหาวิทยาลัยสุโขทัยธรรมาธิราช. ^bสาขาวิทยาศาสตร์สุขภาพ
856    ^z20120815133550_1158.pdf (Content)^uhttp://ulibm.bcnsprnw.ac.th/ULIB6//_fulltext/5/13399121212/20121109104629_79.pdf
945    ^p270^l0^i032997
945    ^p270^l0^i032998
945    ^p270^l0^i032999
995    ^a เกษร
999    ^aใช้งานได้ทุกระบบ
รายการนี้ยังไม่มีแท็ก
คุณยังไม่ได้ล็อกอิน คุณสามารถมีกิจกรรมร่วมกับเว็บไซต์ได้ แต่ต้องล็อกอินก่อน ::
  ล็อกอิน

รายการสื่อสารสนเทศ

ลำดับที่ ประเภท เลขเรียก/บาร์โค้ด สถานที่ สถานะ
1. วิทยาศาสตร์การแพทย์ และสุขภาพ
หนังสือสำรอง
สถานะ=หนังสือสำรอง
WG210 น578ก ฉ.1 
  Barcode: 032997
ห้องสมุดวิทยาเขตสวรรค์ประชารักษ์
►ส่วนจัดเก็บหนังสือเก่า สปร
บนชั้น
  ขอยืม
2. วิทยาศาสตร์การแพทย์ และสุขภาพ
วิทยาศาสตร์การแพทย์ และสุขภาพ
WG210 น578ก ฉ.2 
  Barcode: 032998
ห้องสมุดวิทยาเขตสวรรค์ประชารักษ์
►ส่วนจัดเก็บหนังสือเก่า สปร
บนชั้น
  ขอยืม
3. วิทยาศาสตร์การแพทย์ และสุขภาพ
วิทยาศาสตร์การแพทย์ และสุขภาพ
WG210 น578ก ฉ.3 
  Barcode: 032999
ห้องสมุดวิทยาเขตสวรรค์ประชารักษ์
►ส่วนจัดเก็บหนังสือเก่า สปร
บนชั้น
  ขอยืม

รายการใกล้เคียง
    ผู้แต่ง [นิตยา เพ็ญศิรินภา]

BibComment


ยังไม่เคยถูกคอมเมนท์

คอมเมนท์ทรัพยากรรายการนี้
  คอมเมนท์: การเสริมพลังเพื่..


 Copyright 2026. Bcnsprnw @Library